000 02215cam a2200445 4500500
005 20260208005059.0
041 _afre
042 _adc
100 1 0 _aFath, Sébastien
_eauthor
245 0 0 _aL’Antéchrist chez les évangéliques et fondamentalistes américains de 1970 à nos jours
260 _c2015.
500 _a57
520 _aEven though the question of the Antichrist is as old as Christianity itself, it may appear as old-fashioned today. Still, it has been coming back with full force in the United States since the 1970s. There are several reasons for this: the Cold War-era cultural and political context has definitely played a significant role, but the most decisive factor is rooted in the religious context, and especially the considerable influence of Evangelicalism. As Bible-centered believers strongly influenced by a dualist worldview (Sin/Grace, Evil/Good, Salvation/Damnation), Evangelicals have revamped Apocalyptic literature. This study starts by analyzing why and how The Late Great Planet Earth (1970) and the Left Behind Series (1990s-2000s) encountered such considerable success. Examining Messianism, Manicheism, and Biblicism, this study aims to explain the enduring popularity of the « Apocalypse industry » in the contemporary United States.
690 _aapocalypse
690 _achristianisme
690 _aévangélisme
690 _afondamentalisme
690 _aguerre froide
690 _aLeft Behind
690 _amessianisme
690 _amillénarisme
690 _aprotestantisme
690 _areligion et politique
690 _asérie
690 _aTim Lahaye
690 _aApocalypse
690 _aChristianity
690 _aCold War
690 _aEvangelicalism
690 _aFundamentalism
690 _aLeft Behind Serie
690 _aMessianism
690 _aMillenarianism
690 _aProtestantism
690 _aReligion and Politics
690 _as
690 _aTim Lahaye
786 0 _nRevue française d’études américaines | 139 | 2 | 2015-02-03 | p. 77-97 | 0397-7870
856 4 1 _uhttps://shs.cairn.info/revue-francaise-d-etudes-americaines-2014-2-page-77?lang=fr&redirect-ssocas=7080
999 _c1650474
_d1650474